| 000 | 00354nam a2200133Ia 4500 | ||
|---|---|---|---|
| 008 | 220216s9999 xx 000 0 und d | ||
| 100 |
_aArisol Alimuniaar _cet al |
||
| 245 | 0 | _aMetathesis degradation of Natural rubber | |
| 650 | _aHPLC | ||
| 650 | _aInfra-red spectrophotometer | ||
| 650 | _aNatural rubber | ||
| 650 | _aThermal analysis | ||
| 942 | _cJS | ||
| 999 |
_c62845 _d62845 |
||